000 00418nam a2200181Ia 4500
001 3364
005 20260306145638.0
008 260306t2008||||xx |||||||||||||| ||spa||
041 _aESP
082 _a270.1
_bC237
100 _aCesarea, Eusebio de,
_eAUT
245 0 _aHistoria eclesiƔstica
260 _c2008
300 _a690 pƔginas :
_c20 cm.
650 _aGEN
654 _aCHU
942 _cLIB
_dJUS
_fJUS
_2ddc
_n
999 _c3364
_d3364